000 00461nam a2200157Ia 4500
008 230711s9999||||xx |||||||||||||| ||und||
041 _aENG
082 _a621
_bBU-I
100 _aBureau of Indian Standard
245 0 _aSI : 5002 1969
_bMethod for determination of sample size festimate the average quality of a lot
250 _a1st
260 _c1969
_aNew Delhi
_bBureau of Indian Standard
300 _a20
650 _aElectrical Engineering
942 _cBK
999 _c2129
_d2129